| 000 | 02258cam a22004694i 4500 | ||
|---|---|---|---|
| 003 | PE-LiUPU | ||
| 005 | 20250731172736.0 | ||
| 008 | 150617s1967 sp r 000 0 spa d | ||
| 035 | _a(Sirsi) a11756 | ||
| 040 |
_aPE-LiUPU _bspa _cPE-LiUPU _erda |
||
| 049 | _aPRUA | ||
| 082 | 0 | 4 |
_a220.1 _bD34 _221 |
| 100 | 1 |
_ade Tuya, Manuel, _eautor. |
|
| 245 | 1 | 0 |
_aIntroducción a la Biblia I : _bInspiración bíblica. Canon. Texto. Versiones. _n1 / _cManuel de Tuya. |
| 264 | 1 |
_aMadrid : _bEditorial Católica, _c1967. |
|
| 300 |
_a615 páginas ; _c20 centímetros. |
||
| 336 |
_atext _2rdacontent |
||
| 337 |
_aunmediated _2rdamedia |
||
| 338 |
_avolume _2rdacarrier |
||
| 490 | 0 | _aBiblioteca de autores cristianos | |
| 505 | 0 | _aCriterio para conocer la existencia de los libros inspirados -- Existencia de libros bíblicamente inspirados -- Criterio para investigar la naturaleza de la inspiración bíblica -- Naturaleza de la inspiración bíblica -- Teorías erróneas sobre la naturaleza de la inspiración bíblica -- Extensión de la inspiración bíblica -- Inherencia de la Sagrada Escritura -- La cuestión bíblica -- Los libros canónicos -- Historia del canon del antiguo y nuevo testamento -- Los libros apócrifos -- Apócrifos del antiguo y nuevo testamento -- El texto original de la Biblia -- Versiones antiguas de la Biblia -- Versiones de la Biblia en lenguas modernas -- Las Biblias políglotas -- Crítica bíblica. | |
| 526 | _aSEG42 | ||
| 526 | _aSEG41 | ||
| 526 | _aSEG40 | ||
| 526 | _aSEG39 | ||
| 526 | _aP94 | ||
| 526 | _aP87 | ||
| 526 | _aP86 | ||
| 526 | _aP85 | ||
| 526 | _aP77 | ||
| 526 | _aP76 | ||
| 526 | _aP35 | ||
| 630 |
_aBiblia _xIntroducciones. _92045 |
||
| 700 | 1 |
_aSalguero, José, _eautor. |
|
| 910 |
_ajck _bjvq _cjck _d20150616 |
||
| 942 |
_2ddc _cBOOK |
||
| 949 |
_a220.1 D34 1 _wDEWEY _c1 _i11165 _lCCODEBUL1 _mBUL _p00.00 _r0 _sY _tBOOK _u19900304 _xTEOLOGIA _PP35 _0COMPRA _o.STAFF. Colección General |
||
| 994 |
_aC0 _bPEPRU |
||
| 596 | _a1 | ||
| 999 |
_a220.1 D34 1 _wDEWEY _c1938 _i11165 _d1938 _e2018-6-4 _f2021-11-9 _g5 _lCCODEBUL1 _mBUL _n5 _p27.30 _q2 _r0 _sY _tBOOK _u2015-6-17 _xTEOLOGIA _PP35 _0COMPRA _o.STAFF. Colección Teología |
||
| 980 |
_81 _gALBERTO SANCHEZ Responsable de Automatización |
||